000 00239nam a2200097Ia 4500
008 170619s9999 xx 000 0 und d
100 _aStallings- William
245 0 _aCrytography and network security
260 _bNew Delhi: PHI
260 _c2005
546 _aENGLISH
999 _c18118
_d18118